000 00498nam a2200181Ia 4500
001 19020
005 20260306171713.0
008 260306s9999||||xx |||||||||||||| ||und||
041 _aESP
082 _a658.8
_bA48
100 _aAlvarado de Marsano, Liliana
_eAUT
245 0 _aBrainketing:
_bEl marketing es sencillo; conquistar el cerebro de las personas es lo difícil
260 _c2013
300 _a268 páginas :
_c24 cm.
650 _aGEN
654 _aCAN
942 _cLIB
_dJUS
_fJUS
_2ddc
_n
999 _c19020
_d19020